|
|
|
|
| LEADER |
00000nab a2200000 a 4500 |
| 001 |
vtls000928048 |
| 003 |
SK-MaSNL |
| 005 |
20260319073737.0 |
| 008 |
040720e20021130xo 0 hun |
| 035 |
|
|
|a KE36925
|
| 040 |
|
|
|a KEVKJB
|b slo
|c KEVKJB
|e AACR2
|
| 041 |
1 |
|
|h slo
|
| 044 |
|
|
|a xo
|c SK
|
| 080 |
|
|
|a 324(437.6)
|2 1981
|
| 080 |
|
|
|a 352
|2 1981
|
| 100 |
1 |
|
|a Zachariás, István,
|d 1953-
|4 aut
|9 845017
|
| 245 |
1 |
0 |
|a A sült galambot haza kell hozni
|b interjú Zachariáš Istvánnal, aki már 12 éve Szepsi polgármestere, és készül a negyedik megmérettetésre
|
| 600 |
1 |
7 |
|a Zachariás, István, 1953-
|2 KEVKJB
|9 999659
|
| 650 |
0 |
7 |
|a komunálne voľby
|2 KEVKJB
|9 4164
|
| 650 |
0 |
7 |
|a rozhovory
|2 KEVKJB
|9 453585
|
| 651 |
|
7 |
|a Moldava nad Bodvou (Slovensko)
|2 KEVKJB
|9 20255
|
| 651 |
|
7 |
|a KS,
|2 KEVKJB
|9 880381
|
| 655 |
|
7 |
|a periodikum
|2 snkbucl
|9 29553
|
| 773 |
0 |
8 |
|t Új Szó
|g Roč. 55
|g Roč. 28, č.279, 30.11.2002, s. 5
|
| 852 |
|
|
|a ZVYKNI
|b KIS3GCP
|
| 999 |
|
|
|c 1670120
|d 1672050
|